000 00629nam a2200181 4500
001 144668
003 ES-MaACL
005 20230906201054.0
007 t|
008 070214s1952 sp r ||||1| spa d
245 0 0 _aSociedades anónimas
_b: (recopilación sistemática de la legislación vigente) /
_cordenada por Alejandro Bérgamo Llabrés, Alfonso Martínez Almeida.
250 _a1ª. ed.
260 _aMadrid :
_bPrensa Española,
_c1952.
300 _aXVII, 657 p. ;
_c22 cm.
700 1 _aBérgamo Llabrés, Alejandro.
_927930
700 1 _aMartínez Almeida, Alfonso.
_977840
852 _aES-MaACL
_jD-8047
_bR.34402
999 _c144668
_d144668